Bugs are insects / (Record no. 9250)

MARC details
000 -LEADER
fixed length control field 01424cam a22004214a 4500
001 - CONTROL NUMBER
control field 9250
003 - CONTROL NUMBER IDENTIFIER
control field FISKH
005 - DATE AND TIME OF LATEST TRANSACTION
control field 20251205095736.0
008 - FIXED-LENGTH DATA ELEMENTS--GENERAL INFORMATION
fixed length control field 990719s2001 nyua b 000 0 eng
010 ## - LIBRARY OF CONGRESS CONTROL NUMBER
LC control number 99039846
020 ## - INTERNATIONAL STANDARD BOOK NUMBER
International Standard Book Number 0060285680
020 ## - INTERNATIONAL STANDARD BOOK NUMBER
International Standard Book Number 9780064452038
020 ## - INTERNATIONAL STANDARD BOOK NUMBER
International Standard Book Number 0060285699
Qualifying information lib. bdg.
020 ## - INTERNATIONAL STANDARD BOOK NUMBER
International Standard Book Number 9780060285685
020 ## - INTERNATIONAL STANDARD BOOK NUMBER
International Standard Book Number 9780060285692
Qualifying information (lib. bdg.)
035 ## - SYSTEM CONTROL NUMBER
System control number 11760721
035 ## - SYSTEM CONTROL NUMBER
System control number (DLC) 99039846
040 ## - CATALOGING SOURCE
Original cataloging agency DLC
Transcribing agency DLC
Modifying agency DLC
Language of cataloging eng
050 00 - LIBRARY OF CONGRESS CALL NUMBER
Classification number QL467.2
Item number .R65 2001
082 00 - DEWEY DECIMAL CLASSIFICATION NUMBER
Classification number 595.7
Edition number 21
100 1# - MAIN ENTRY--PERSONAL NAME
Personal name Rockwell, Anne F.
245 10 - TITLE STATEMENT
Title Bugs are insects /
Statement of responsibility, etc. by Anne Rockwell ; illustrated by Steve Jenkins.
260 ## - PUBLICATION, DISTRIBUTION, ETC.
Place of publication, distribution, etc. New York :
Name of publisher, distributor, etc. HarperCollins,
Date of publication, distribution, etc. 2001.
300 ## - PHYSICAL DESCRIPTION
Extent 33 pages :
Other physical details color illustrations ;
Dimensions 21 x 26 cm
440 #0 - SERIES STATEMENT/ADDED ENTRY--TITLE
Title Let's-read-and-find-out.
Number of part/section of a work Stage 1
505 ## - FORMATTED CONTENTS NOTE
Formatted contents note N<br/>
520 ## - SUMMARY, ETC.
Summary, etc. Introduces common backyard insects and explains the basic characteristics of these creatures.
521 8# - TARGET AUDIENCE NOTE
Target audience note 590<br/>
Source Lexile AD <br/>
521 8# - TARGET AUDIENCE NOTE
Target audience note N<br/>
Source Raz-Plus<br/>
650 #0 - SUBJECT ADDED ENTRY--TOPICAL TERM
Topical term or geographic name entry element Insects
Form subdivision Juvenile literature.
650 #1 - SUBJECT ADDED ENTRY--TOPICAL TERM
Topical term or geographic name entry element Insects.
655 #7 - INDEX TERM--GENRE/FORM
Genre/form data or focus term Literature.
Source of term lcgft
Authority record control number or standard number https://id.loc.gov/authorities/genreForms/gf2014026415
700 1# - ADDED ENTRY--PERSONAL NAME
Personal name Jenkins, Steve,
Dates associated with a name 1952-2021,
Relator term illustrator
856 42 - ELECTRONIC LOCATION AND ACCESS
Materials specified Publisher description
Uniform Resource Identifier <a href="http://www.loc.gov/catdir/description/hc043/99039846.html">http://www.loc.gov/catdir/description/hc043/99039846.html</a>
906 ## - LOCAL DATA ELEMENT F, LDF (RLIN)
a 7
b cbc
c orignew
d 1
e ocip
f 19
g y-gencatlg
942 ## - ADDED ENTRY ELEMENTS (KOHA)
Source of classification or shelving scheme Dewey Decimal Classification
Koha item type Books
Suppress in OPAC No
Holdings
Withdrawn status Lost status Source of classification or shelving scheme Damaged status Not for loan Collection Home library Current library Shelving location Date acquired Total Checkouts Full call number Barcode Date last seen Copy number Price effective from Koha item type
    Dewey Decimal Classification     Non-Fiction Footprints International School Library Network Toul Tom Poung Campus Footprints International School Library Network Toul Tom Poung Campus TTP Primary Yellow Bookshelves 12/05/2025   ROC 595.7 QL467 .R65 FIS01227 12/05/2025 1 12/05/2025 Books